000 00724nam a2200241Ia 4500
003 OSt
005 20220927105044.0
006 a|||||r|||| 00| 0
007 ta
008 220926b |||||||| |||| 00| 0 eng d
024 _a186526
037 _cReference Collections
040 _aRTL
_cRTL
_beng
041 _2eng
_aeng
082 _a"X9:8HX.2.N72<N71r, L2"
110 _aPOLYOLEFINS INDUSTRIES LIMITED
_9369935
245 0 _a"Annual report,1971-72."
260 _aBombay
_bPolyolifins Industries Ltd
_c1972
300 _a20p.
_ccm.
700 _aPOLYOLEFINS INDUSTRIES LIMITED
_9369936
942 _h"X9:8HX.2.N72<N71r, L2"
_cCC
999 _c690500
_d690500